000 00287nam a22001097a 4500
008 160520b xxu||||| |||| 00| 0 eng d
020 _a0312697287
041 _aeng
080 _a003.2
245 _aThe St. Martin's guide to writing;
_cRise B. Axelrod; Charles R. Cooper;
942 _2udc
_cBK
999 _c2314
_d2314